LEADER 01178nam a2200265 i 4500 001 000000117197 003 CaOOAMICUS 005 20051014000000.0 008 051014s1984 it u000 u ita u 013 $a89886 040 $aSeMil$bita 100 1 $aAlpes, Svetlana.$0(OLS)http://semarc/name/48912 240 14$aThe Art of Describing : dutch Art in the Seventeenth Century.$0(OLS)http://semarc/title/172020 245 10$aArte del descrivere :$bscienza e pittura nel Seicento olandese /$cSvetlana Alpes. 260 $aTorino :$bBoringhieri,$ccopyr. 1984. 300 $aXVIII, 416 p. :$briccamente ill. ;$c22 cm. 500 $aContiene : Appendice. - Fondo Ciprandi. 650 4$aPittura - Olanda - Sec. 17.$0(OLS)http://semarc/subject/21690 650 4$aPercezione visiva e arte.$0(OLS)http://semarc/subject/21691 850 $aSeMil 852 $aSeMil$W1$xVenegono$y1$m5N VI 144$j72597$B72597$CSeMilBibl$Z2$F104333 $81 941 1 $a1 961 $aOmaggio: Ciprandi dott. Paolo 996 $6245$aArte del descrivere :$bscienza e pittura nel Seicento olandese$9(OLS)http://semarc/title/172019 996 $6260$aTorino :$bBoringhieri$9(OLS)http://semarc/publisher/30229 LEADER 01271nam a2200217 i 4500 001 000000232270 003 CaOOAMICUS 005 20140822000000.0 008 140822s1790 it u000 u ita u 013 $a211173 026 $as?es o.*. a.d' qupe (3) 1790 (R) 040 $aSeMil$bita 245 10$aPrefazione sopra i Profeti, e Libro d'Isaia. 300 $a[4], CCVIII, 332 p. 500 $aSegn. : pigreco2 -n8 A-V8 X6. 650 4$aBibbia. Antico Testamento. Isaia - Commentari, studi, critica, interpretazioni.$0(OLS)http://semarc/subject/111 650 4$aBibbia. Nuovo Testamento. Libri profetici - Commentari, studi, critica, interpretazioni.$0(OLS)http://semarc/subject/2530 773 0 $aLe Maistre de Sacy, Isaac <1613-1684>$tSacra Scrittura giusta la volgata in latino e italiano. Colle spiegazioni letterali e spirituali tratte da' santi padri e dagli autori ecclesiastici da d. Luigi Isacco le Maistre de Sacy, tradotte dal francese.$bEdizione ricorretta accresciuta ed illustrata.$dIn Genova : Nella Stamperia di Agostino Olzati, 1787-1792.$g13$w()30383 850 $aSeMil 852 $aSeMil$W1$xVenegono$y1$m2Y IV 36 FA$j182616$B182616$CSeMilBibl$Z2$F193635 $8I 996 $6245$aPrefazione sopra i Profeti, e Libro d'Isaia$9(OLS)http://semarc/title/331442